00689nam a2200229 i 4500001001100000003000500011005001700016008004100033040002500074082001500099090002100114245003000135264005700165300002900222336002100251337002500272338002300297650002700320942001000347999001900357952008300376C2-0221118PPAK20180728150801.0991014s1970 my |||| ||||| | may d aPPAKbengcPPAKerda04a398.2222300a398.22bHIKdKIH00aHikayat Merong Mahawangsa 1aKuala Lumpur : bUniversity of Malaya Press , c1970 alix, 247 pages ; c23 cm 2rdacontentatext 2rdamediaaunmediated 2rdacarrieravolume10aFolk literature, Malay ddccB c142815d142815 0071bPPAKcKIHd1999-10-14oKIH 398.22 HIKpA00172516r2018-05-31 00:00:00yB